South Eastern Kenya University

Library Online Public Access Catalogue


Electrical fundamentals (Record no. 3725)

MARC details
000 -LEADER
fixed length control field 00404nam a22001457a 4500
050 ## - LIBRARY OF CONGRESS CALL NUMBER
Classification Number TK146
Item Number .D44 1980
100 ## - MAIN ENTRY--Author
Personal name Deere & Company
245 ## - TITLE
Title Electrical fundamentals
260 ## - PUBLICATION, DISTRIBUTION, ETC.(IMPRINT)
Place of publication, distribution, etc Moline
Name of publisher, distributor, etc Deere and Co.
Date of publication, distribution, etc 1980
300 ## - PHYSICAL DESCRIPTION
Extent 107 p.
650 ## - SUBJECT--TOPIC
Topical term following geographic name as entry element Electricity
Form subdivision Handbooks
650 ## - SUBJECT--TOPIC
Topical term following geographic name as entry element Agricultural machinery
General subdivision Electric equipment
650 ## - SUBJECT--TOPIC
Topical term following geographic name as entry element Electric motors
General subdivision Maintenance and repair
942 ## - ADDED ENTRY ELEMENTS(KOHA)
Koha item type General circulation
Holdings
Source of classification or shelving scheme Not for loan Location (home branch) Sublocation (holding branch) Date accessioned Full call number Barcode Koha item type Public note
Library of Congress Classification   Main Campus Library Main Campus Library 27/08/2018 TK 146 .D44 2019/024977 General circulation  
Library of Congress Classification   Main Campus Library SEKU-BINDERY 21/10/2014 TK146 .D44 1980 002294 General circulation JT
Kitui, Kenya.
+254736116989
library@seku.ac.ke